000 007100000a22002170004500
001 25856
010 _a972-708-852-X
090 _a25856
100 _a20081002d2005 m y0pory5003 ba
101 0 _apor
_ceng
102 _aPT
200 1 _aUm quarto só para si
_fVirginia Woolf
_gtrad. e pref. de Maria de Lourdes Guimarães
210 _aLisboa
_cRelógio d'Água
_d2005
215 _a162, [5] p
225 2 _aFora de colecção
304 _aTít. orig. : A room of one's own.
675 _a821.111-4"19"
_vBN
_zpor
700 1 _aWoolf
_bVirgínia
_f1882-1941
702 1 _923517
_4730
_aGuimarães
_bMaria de Lurdes
942 _cMON
_n0
999 _a25856
_bBibliobase - BMTAV
_c2019-01-21